Normal view MARC view

Entry Nombre corporativo

Number of records used in: 3

001 - NÚMERO DE CONTROL

  • campo de control: 4717

003 - IDENTIFICADOR DE NÚMERO DE CONTROL

  • campo de control: OSt

005 - FECHA Y HORA DE LA ÚLTIMA TRANSACCIÓN

  • campo de control: 20221005155059.0

008 - ELEMENTOS DE DATO DE LONGITUD-FIJA

  • campo de control de longitud fija: 221005|| aca||aabn | a|a d

040 ## - FUENTE DE CATALOGACIÓN

  • Centro catalogador/agencia de origen: OSt
  • Centro/agencia transcriptor: OSt

110 ## - ENCABEZAMIENTO-NOMBRE DE ENTIDAD CORPORATIVA

  • Nombre de entidad corporativa o nombre de jurisdicción como elemento de entrada: CONFERENCIA INTERNACIONAL DEL TRABAJO
  • Número del congreso/reunión o número de parte o sección: 79ª
  • Fecha del congreso o de la firma del tratado: 1992

670 ## - FUENTE DE DATOS ENCONTRADOS

  • Cita de la fuente: Work cat.: (OSt)4202: CONFERENCIA INTERNACIONAL DEL TRABAJO 79ª 1992, Estudio general de las memorias relativas al convenio [núm. 26] y a la Recomendación [núm. 30] sobre los métodos para la fijación de salarios mínimos, 1928; al Convenio [núm. 99] y a la Recomendación [núm. 89] sobre los métodos para la fijación de salarios mínimos [agricultura], 1951, y al Convenio [núm. 131] y a la Recomendación [núm. 135] y sobre la fijación de salarios mínimos, 1970 /, 1992

Powered by Koha